Largest Cities on the US West Coast - Statistics

General Stats
  • This quiz has been taken 136 times
  • The average score is 6 of 6
Answer Stats
State City Population % Correct
California Los Angeles 12.4 million
100%
California San Francisco/Oakland/Berkeley 4.6 millon
100%
Washington Seattle 4 million
98%
California San Diego 3.2 million
96%
Oregon Portland 2.1 million
92%
California San Jose 1.7 million
81%
No matching quizzes found
Score Distribution
Percent of People with Each Score
Percentile by Number Answered
Your Score History
You have not taken this quiz